| 000 | 01103nam a22002057a 4500 | ||
|---|---|---|---|
| 999 |
_c62845 _d62845 |
||
| 003 | Ge_BSU | ||
| 005 | 20250307161112.0 | ||
| 008 | 250307s1988 ge ||||| |||| 00| 0 geo d | ||
| 041 | _ageo | ||
| 080 | _a616.12-005.4 ყ-56 | ||
| 100 |
_aყიფშიძე, ნოდარ _924486 |
||
| 245 |
_aპროფილაქტიკა და აღდგენითი თერაპია გულის იშემიური დაავადების დროს / _c ნოდარ ყიფშიძე, გ. მეგრელიშვილი, ნ. მურმანიშვილი. |
||
| 264 |
_aთბილისი : _bსაბჭ. საქართველო, _c1988. |
||
| 300 |
_a209 გვ. ; _b21 სმ. |
||
| 653 | _aგულის იშემიური დაავადებები | ||
| 653 | _aაღდგენითი თერაპია | ||
| 700 |
_aმეგრელიშვილი, გ. _eავტორი _924487 |
||
| 700 |
_aმურმანიშვილი, ნ. _eავტორი _924488 |
||
| 942 |
_2udc _cᲬᲘᲒᲜᲘ |
||